LDR 01706naa#a2200265#i#450# 001 RU\RIOR\bibl\119631 005 20260704094640.6 011 ## _a2409-5087 100 ## _a20260630b2026####ek#y0rusy0150####ca 102 ## _aRU 200 1# _aКОНСТИТУЦИОННО-ПРАВОВАЯ ПАРАМЕТРИЗАЦИЯ ГЛАВЫ ГОСУДАРСТВА В СОВРЕМЕННЫХ МОДЕЛЯХ ДИСПОЗИЦИИ ПУБЛИЧНОЙ ВЛАСТИ _eЖурнальная статья 210 1# _aМосква _cООО "Издательский Центр РИОР" _d2026 215 ## _a4 с. 606 ## _aПраво и судебное администрирование. 40.02.03 _2local 608 ## _aЖурнальная статья _2local 675 ## _aГосударственное право. Конституционное право. Административное право. 342 _aВерховная власть. Суверенитет. Формы правления. 342.3 _z 686 ## _aКонституционное (государственное) право. 67400 _2bbk 686 ## _aПраво. Юридические науки. 67 _2bbk 686 ## _aОбщественные науки в целом. 60 _2bbk 686 ## _aКонституционное (государственное) право. 10.15 _2grnti 686 ## _aГОСУДАРСТВО И ПРАВО. ЮРИДИЧЕСКИЕ НАУКИ. 10.00 _2grnti 686 ## _aИстория политических и правовых учений. 10.11 _2grnti 686 ## _aТеория государства и права. 10.07 _2grnti 700 #1 _aБалагуров _gАлександр Михайлович 856 4# _abuild-pro.editorum.ru _u